Personnalités d'Alsace - Les Alsaciens - Statistiques

Statistiques générales
  • Ce quiz a été pris 86 fois
  • Le résultat moyen est 2 sur 20
Statistiques - réponses
Par images Réponse % Correct
Sébastien Loeb
88%
Sainte Odile de Hohenbourg
38%
Le mime Marceau
25%
Charles de Foucauld
21%
Alain Baschung
16%
Claude Rich
13%
Mgr Louis-René de Rohan
7%
Paul-Henri Mathieu
7%
André Weber
3%
Bob Wollek
1%
Leo Westermann
1%
Pierre Schoendoerffer
1%
William Wyler
1%
Guillaume von Hazel
0%
Jean-Marie Lehn
0%
Léon IX
0%
Ophélie-Cyrielle Étienne
0%
Paul Dungler
0%
Pierre Chambon
0%
Thierry d'Alsace
0%
Aucun quiz correspondant
Distribution des résultats
% des personnes avec chaque résultat
Percentile par nombre de réponses
Votre historique - résultats
Vous n’avez pas pris ce quiz